[Event "Paris FIDE GP"]
[Site "Elancourt"]
[Date "2013.09.23"]
[Round "2"]
[White "Wang, Hao"]
[Black "Caruana, Fabiano"]
[Result "1/2-1/2"]
[WhiteElo "2747"]
[BlackElo "2779"]
[Annotator "Krasenkow,M"]
[PlyCount "79"]
[EventDate "2013.09.22"]
[EventType "tourn"]
[EventRounds "11"]
[EventCountry "FRA"]
[EventCategory "20"]
[SourceTitle "CBM 157"]
[Source "ChessBase"]
[SourceDate "2013.11.12"]
[SourceVersion "1"]
[SourceVersionDate "2013.11.12"]
[SourceQuality "1"]

1. d4 Nf6 2. c4 g6 3. Nc3 d5 4. Nf3 Bg7 5. cxd5 Nxd5 6. Na4 {Compared to the
Nadanian system (4.cxd5 Nxd5 5.Na4), Black can't play ...e7-e5 here; however, .
..Bc8-g4 becomes possible.} O-O {As well as in the Nadanian system, Black can
prevent e2-e4 by means of} (6... Bf5) ({or} 6... Nf6) 7. e4 Nb6 (7... Nf6 8.
Nc3 {[%csl Rf6] is more favourable for White.}) 8. Be3 {The most natural move.}
(8. h3 Nxa4 9. Qxa4 c5 10. dxc5 Nd7 11. c6 Nc5 $44 {1-0 (44) Meister,P (2396)
-Flumbort,A (2513) Germany 2010}) (8. Be2 Bg4 9. Be3 Nxa4 10. Qxa4 c5 $1 11.
dxc5 Bxb2 12. Rb1 Bc3+ 13. Kf1 (13. Nd2 Bxd2+ 14. Bxd2 Bxe2 15. Kxe2 Nc6 16.
Be3 Qc7 17. g3 Rad8 $36 {0-1 (44) Lysyj,I (2590)-Morozevich,A (2762) Sochi 2007
}) 13... Bc8 $1 14. g3 Nc6 15. Kg2 Bg7 16. Rhd1 Qc7 17. Bb5 Bd7 18. Bf4 Qc8 $11
{1/2 (52) Oms Pallisse,J (2522)-Lopez Martinez,J (2557) Lleida 2009}) 8... Nxa4
{Two most important alternatives:} (8... Bg4 $5 9. Nc5 $1 (9. Be2 {- see above}
) 9... Nc6 $1 (9... Bxf3 10. gxf3 Nc6 11. d5 (11. Nxb7 Qc8 $44) 11... Ne5 12.
Rc1 $14) 10. Nxb7 Qb8 (10... Qc8 11. Ba6) 11. Ba6 (11. Nc5 Bxf3 12. gxf3 Bxd4
$1 13. Bxd4 Rd8 $17 {0-1 (26) Pridorozhni,A (2325)-Kalod,R (2440) Pardubice
1999}) 11... Nb4 (11... e5 $5 12. d5 Nb4 13. Nc5 N6xd5 14. Bb7 (14. exd5 e4 15.
Nxe4 Nxa6 $44) 14... Nxe3 15. fxe3 Na6 $1 16. Bxa8 Nxc5 $44 {0-1 (34) Kiss,E 
(2139)-Gara,T (2312) Hungary 2008}) 12. Nc5 Bxf3 13. gxf3 Bxd4 $1 14. Bxd4 Rd8
15. O-O Nxa6 16. Nxa6 Qc8 {[%cal Re7e5]} 17. Qe2 Rxd4 $11 {1-0 (28) Minko,V 
(2307)-Cori Quispe,K (2073) Maribor SLO 2012}) (8... Nc6 $5 9. Nc5 (9. Be2 Bg4
10. d5 Ne5 11. Nxe5 Bxe2 12. Qxe2 Nxa4 13. f4 e6 $1 14. O-O-O Qe8 15. d6 cxd6
16. Rxd6 Nb6 17. Kb1 Qa4 $132 {1/2 (22) Saric,S (2470)-Kadric,D (2407) Novi
Sad 2012}) 9... Nd7 $5 ({this is quieter than} 9... Bg4 {leading to the
previous line}) 10. Nxd7 (10. Nb3 a5 $1) 10... Qxd7 11. Rc1 Rd8 12. d5 Ne5 13.
Nxe5 Bxe5 14. Qc2 Qd6 15. Be2 e6 16. Bc5 Qd7 17. Rd1 exd5 18. Rxd5 Qe8 $11 {
1/2 (31) Demian,V (2422)-Dolgitser,K (2438) ICCF 2001}) 9. Qxa4 c5 (9... Bg4 {
is still possible, e.g.} 10. Rd1 Nc6 11. Be2 (11. Bb5 $5) 11... Qd6 12. O-O
Rfd8 13. d5 Ne5 14. Nd4 Bxe2 15. Nxe2 c6 16. h3 cxd5 17. Rxd5 Qc6 18. Qxc6 Nxc6
19. Rfd1 e6 {1/2 (19) Javakhishvili,L (2421)-Khurtsidze,N (2451) Tbilisi 2007})
10. Rd1 Qb6 (10... Bg4 $5 11. dxc5 Qc7 12. Qa3 Bxf3 13. gxf3 Nc6 14. Bg2 Rfd8
15. O-O Be5 16. h3 {1-0 (59) Luehrig,W (2018)-Lukin,A (1883) IECG 2001} a5 $44)
(10... Bd7 11. Qa3 (11. Bb5 Bxb5 12. Qxb5 cxd4 13. Qxb7 Qb6 $1 14. Qxb6 axb6 {
1/2 (14) Saric,S (2310)-Dekic,J (2318) Pancevo 2005}) 11... cxd4 12. Nxd4 Qc7
13. Be2 Bc6 (13... Nc6 14. Nb5 Qc8 15. O-O Rd8 16. h3 Bf8 17. Nc3 e6 18. Bc5
Bxc5 19. Qxc5 Be8 20. Qe3 Qc7 $11 {1-0 (33) Golod,V (2547)-Rodshtein,M (2642)
Biel 2012}) 14. Nxc6 (14. f3 $5 Be5 15. g3) 14... Nxc6 15. O-O Rfd8 $11 {
0-1 (36) Maisuradze,N (2118)-Kviriashvili,I (2252) Tbilisi 2000}) (10... cxd4
11. Nxd4 Qc7 $5) 11. Rd2 $1 (11. dxc5 Qxb2 12. Bc4 Bd7 13. Qb3 Qxb3 14. Bxb3
Bb5 15. Nd4 Bxd4 16. Rxd4 Nc6 17. Rd7 Ba6 18. f3 Rfd8 19. Rxd8+ Rxd8 20. Kf2
Kf8 $11 {1/2 (30) Melkumyan,H (2639)-Kurnosov,I (2663) Biel 2012}) (11. Qc2 Bg4
12. dxc5 Qxb2 13. Qxb2 Bxb2 14. Bc4 Nc6 15. O-O Na5 16. Be2 Rfd8 17. h3 {
1-0 (36) Grigoryan,K (2463)-Bernadskiy,V (2435) Moscow 2011} Rxd1 18. Rxd1 Be6
$11) 11... Bd7 (11... cxd4 12. Nxd4 Qc7 $5 13. Rc2 Qd8 14. Bb5 Bd7 15. Rd2 Bxb5
16. Nxb5 Qe8 17. Qb3 Qc6 18. O-O a6 19. Nc3 Bxc3 20. Qxc3 Qxc3 21. bxc3 Nc6 22.
Rd7 {1/2 (22) Galyas,M (2420)-Flumbort,A (2355) Hungary 2000}) 12. Qa3 cxd4 (
12... Qb4 13. Qxb4 cxb4 14. h3 Nc6 15. Bd3 Rac8 16. Ke2 $16 {V.Kortschnoj}) 13.
Nxd4 Qc7 (13... Rc8 14. Be2 (14. Nb3 Qc6 15. Bd3 Qa4 16. Qxa4 Bxa4 $11 {
1-0 (69) Zaiatz,E (2424)-Ilieva,H (2106) Sunny Beach 2012}) 14... Qc5 (14...
Bf8 $5 15. Qd3 e5 16. Nf3 Bc5) 15. Qxc5 Rxc5 16. O-O Rc8 17. Nb3 Be8 18. Bg4 e6
19. Nc5 $14 {1-0 (36) Jelen,I (2435)-Kos,T (2295) Krsko 1997}) 14. Be2 (14.
Qxe7 $6 Qc1+ 15. Rd1 Qxb2 {L.McShane}) 14... Bc6 {It turns out that it is not
easy for Black to complete his development, which may mean that the whole plan
with 9...c5 and 10...Qb6 is insufficient for equality.} (14... Nc6 15. Nb5 Qc8
16. O-O $14 {1-0 (49) Justo,D (2306)-Mohandesi,S (2358) France 2002}) (14... e5
15. Rc2 (15. Nb5 Bxb5 16. Bxb5 a6 17. O-O Nc6 18. Bc4 Rfd8 19. Bd5 Bf8 20. Qa4
Nb4 $11 {V.Kortschnoj}) 15... Qd8 16. Nb5 Nc6 17. Nd6 Qb8 18. Bc4 (18. O-O $5
$14) 18... Nd4 19. Bxd4 exd4 {1-0 (25) Kortschnoj,V (2625)-Sutovsky,E (2595)
Dresden 1998 CBM 065 [Kortschnoj]} 20. f4 $14) 15. O-O $5 $146 {[%mdl 512]
Sacrificing a pawn for quick development.} (15. f3 $5 Be5 16. g3 Bd6 17. Qc3
Rc8 18. Kf2 Na6 (18... Be8 19. Qxc7 Bxc7 20. Rhd1 {is not full equality either}
) 19. Nxc6 Qxc6 20. Qxc6 Rxc6 21. Bb5 Rc7 22. a3 Bc5 23. b4 Bxe3+ 24. Kxe3 $14
{1-0 (46) Gareev,T (2614)-Antal,G (2519) Irvine 2010}) 15... Bxe4 16. Nb5 Qc6
17. f3 Bd5 18. Qxe7 {This quick restoration of the material balance yields
Black some precious time for consolidation.} (18. Rfd1 $142 $1 e6 (18... Bc4
19. Nxa7 $1 Qe6 20. Bxc4 Qxc4 21. Qxe7 $36) 19. Nc3 Rd8 20. Bb5 Qc7 21. Bg5 $1
Qb6+ 22. Kh1 Rf8 23. Nxd5 Qxb5 24. Nf6+ $44 Kh8 $140 25. f4 $1 {[%cal Ra3h3] A.
Korotylev}) 18... Re8 19. Qg5 Na6 (19... Bxa2 $5 $13) 20. Qxd5 (20. Nc3 Re5 $1
21. Qf4 (21. Nxd5 Rae8 $3 22. Qf4 Rxd5 $132) 21... Nc7 22. Bf2 Rae8 23. Rfd1 a6
$13) 20... Qxd5 21. Rxd5 Rxe3 22. Bc4 Re7 $11 {The position has simplified,
Black has no problems any more.} 23. Rd2 Bh6 24. f4 Nc5 25. g3 a5 {This move
unnecessarily weakens Black's queenside.} (25... Bf8 $142 26. Nc3 Ne4 $11 {
A.Korotylev}) 26. Rd5 (26. Nd6 $5 {was the last attempt to try something.})
26... Ne4 27. Rfd1 Bf8 28. Rd8 Rxd8 29. Rxd8 Kg7 30. Kg2 Nf6 31. Kf3 Rd7 32.
Rxd7 Nxd7 33. Nc7 Bc5 34. Bb5 Nf6 35. Ne8+ Nxe8 36. Bxe8 Kf8 37. Bb5 Kg7 38.
Be8 Kf8 39. Bb5 Kg7 40. Ke4 1/2-1/2

[Event "Paris FIDE GP"]
[Site "Elancourt"]
[Date "2013.09.27"]
[Round "5"]
[White "Caruana, Fabiano"]
[Black "Ponomariov, Ruslan"]
[Result "1/2-1/2"]
[WhiteElo "2779"]
[BlackElo "2756"]
[Annotator "ChessBase Website"]
[PlyCount "92"]
[EventDate "2013.09.22"]
[EventType "tourn"]
[EventRounds "11"]
[EventCountry "FRA"]
[EventCategory "20"]
[SourceTitle "CBM 157"]
[Source "ChessBase"]
[SourceDate "2013.11.12"]
[SourceVersion "1"]
[SourceVersionDate "2013.11.12"]
[SourceQuality "1"]
[TimeControl "40/7200:20/3600:900+30"]
[WhiteClock "2:00:00"]
[BlackClock "2:00:00"]

1. e4 {[%emt 0:00:03]} e5 {[%emt 0:00:06]} 2. Nf3 {[%emt 0:00:03]} Nc6 {
[%emt 0:00:07]} 3. Bb5 {[%emt 0:00:04]} Nf6 {[%emt 0:00:13]} 4. O-O {[%emt 0:
00:06]} Nxe4 {[%emt 0:00:14]} 5. d4 {[%emt 0:00:05]} Nd6 {[%emt 0:00:10]} 6.
Bxc6 {[%emt 0:00:06]} dxc6 {[%emt 0:00:06]} 7. dxe5 {[%emt 0:00:05]} Nf5 {
[%emt 0:00:08]} 8. Qxd8+ {[%emt 0:00:06]} Kxd8 {[%emt 0:00:13]} 9. h3 {[%emt 0:
00:07]} h6 {[%emt 0:00:16]} 10. Rd1+ {[%emt 0:00:22]} Ke8 {[%emt 0:00:10]} 11.
Nc3 {[%emt 0:00:24]} Bd7 {[%emt 0:00:38]} (11... a6 12. Bf4 Bd7 13. Rd3 Ne7 14.
Rad1 Be6 15. Nd4 Bc4 16. R3d2 c5 17. Nb3 b6 18. e6 fxe6 19. Bxc7 Nd5 20. Nxd5
Bxd5 21. Bxb6 c4 22. Nc1 c3 23. bxc3 Rc8 24. Ba5 Be7 25. Nb3 Bf6 26. Bb4 Kf7
27. Rd3 Rc7 28. Na5 Rhc8 29. c4 Bxc4 30. Rd7+ Rxd7 31. Rxd7+ Ke8 32. Rd6 Bxa2
33. Rxa6 Rxc2 34. Rc6 Rb2 35. Ba3 Rb1+ 36. Rc1 Rxc1+ 37. Bxc1 Bd5 38. Be3 Kd7
39. Kf1 Kc7 40. Bd2 Kb6 41. f3 {Karjakin,S (2779)-Carlsen,M (2837) Astana 2012
0-1}) 12. Bf4 {[%emt 0:01:55]} Rd8 {[%emt 0:00:28]} 13. e6 {[%emt 0:21:46]}
Bxe6 {[%emt 0:01:08]} 14. Bxc7 {[%emt 0:00:07]} Rxd1+ $146 {[%emt 0:05:20]} (
14... Rd7 15. Rxd7 Kxd7 16. Bh2 Bd6 17. Rd1 Ke7 18. Bxd6+ Nxd6 19. Nd4 Bd7 {
1/2-1/2 (19) Hanemann,I (2188)-Huisl,W (2284) Germany 2009}) 15. Rxd1 {[%emt 0:
01:19]} Be7 {[%emt 0:00:17]} 16. g4 {[%emt 0:26:56]} Nh4 {[%emt 0:02:08]} 17.
Nd4 {[%emt 0:00:18]} Bd7 {[%emt 0:14:07]} 18. Re1 {[%emt 0:05:13]} Kf8 {
[%emt 0:09:12]} 19. Bg3 {[%emt 0:01:10]} g5 {[%emt 0:10:12]} 20. Bxh4 {[%emt 0:
03:01]} gxh4 {[%emt 0:01:04]} 21. Ne4 {[%emt 0:02:55]} Kg7 $11 {[%emt 0:17:56]
[%cal Gh8d8] Caruana posed no problems to Ponomariov's Berlin Defence, and it
was even the black player that held a slight edge due to his pair of bishops
and then an extra (but crippled) pawn. It's hard to say that White was in any
real danger at any point but it was certainly Black that had the easier game.}
22. Kg2 {[%emt 0:30:55]} Rd8 {[%emt 0:05:16]} 23. c3 {[%emt 0:01:14]} h5 {
[%emt 0:09:49]} 24. f3 {[%emt 0:06:10]} Bc8 {[%emt 0:11:08]} 25. Nf5+ {[%emt 0:
06:56]} Bxf5 {[%emt 0:00:30]} 26. gxf5 {[%emt 0:00:04]} Rd5 {[%emt 0:00:46]}
27. c4 {[%emt 0:00:03]} Rxf5 {[%emt 0:02:55]} 28. Rd1 {[%emt 0:00:04]} Ra5 {
[%emt 0:05:56]} 29. Rd7 {[%emt 0:01:01]} Bf6 {[%emt 0:02:32]} 30. Nxf6 {
[%emt 0:02:38]} Kxf6 {[%emt 0:00:12]} 31. a3 {[%emt 0:00:45]} Rc5 {[%emt 0:04:
26]} 32. Rxb7 {[%emt 0:00:13]} Rxc4 {[%emt 0:00:04]} 33. Rxa7 {[%emt 0:00:03]}
Rc2+ {[%emt 0:00:10]} 34. Kf1 {[%emt 0:00:08]} Rxb2 {[%emt 0:00:08]} 35. a4 {
[%emt 0:01:16]} Rh2 {[%emt 0:06:26]} 36. Rc7 {[%emt 0:00:17]} Rxh3 {[%emt 0:00:
44]} 37. Rxc6+ {[%emt 0:00:05]} Kg7 {[%emt 0:00:15]} 38. Rc3 {[%emt 0:00:45]}
Rh1+ {[%emt 0:01:29]} 39. Kg2 {[%emt 0:00:04]} Ra1 {[%emt 0:00:05]} 40. Rc4 {
[%emt 0:00:00]} Kg6 {[%emt 0:00:00]} 41. Rxh4 {[%emt 0:00:29]} Kg5 {[%emt 0:00:
42]} 42. Rb4 {[%emt 0:00:20]} f5 {[%emt 0:00:21]} 43. Kg3 {[%emt 0:00:54]} Rg1+
{[%emt 0:00:18]} 44. Kf2 {[%emt 0:00:09]} Ra1 {[%emt 0:00:05]} 45. Kg3 {
[%emt 0:00:02]} Rg1+ {[%emt 0:00:06]} 46. Kf2 {[%emt 0:00:02]} Ra1 {[%emt 0:00:
08]} 1/2-1/2

[Event "Paris FIDE GP"]
[Site "Elancourt"]
[Date "2013.09.28"]
[Round "6"]
[White "Caruana, Fabiano"]
[Black "Ivanchuk, Vassily"]
[Result "1-0"]
[WhiteElo "2779"]
[BlackElo "2731"]
[Annotator "ChessBase Website"]
[PlyCount "65"]
[EventDate "2013.09.22"]
[EventType "tourn"]
[EventRounds "11"]
[EventCountry "FRA"]
[EventCategory "20"]
[SourceTitle "CBM 157"]
[Source "ChessBase"]
[SourceDate "2013.11.12"]
[SourceVersion "1"]
[SourceVersionDate "2013.11.12"]
[SourceQuality "1"]
[TimeControl "40/7200:20/3600:900+30"]
[WhiteClock "2:00:00"]
[BlackClock "2:00:00"]

1. e4 {[%emt 0:00:03]} e6 {[%emt 0:00:19]} 2. d4 {[%emt 0:00:05]} d5 {[%emt 0:
00:02]} 3. Nc3 {[%emt 0:00:04]} Nf6 {[%emt 0:00:04]} 4. e5 {[%emt 0:00:04]}
Nfd7 {[%emt 0:00:05]} 5. f4 {[%emt 0:00:03]} c5 {[%emt 0:00:06]} 6. Nf3 {
[%emt 0:00:04]} Nc6 {[%emt 0:00:04]} 7. Be3 {[%emt 0:00:04]} Qb6 {[%emt 0:00:
38]} 8. Na4 {[%emt 0:00:32]} Qa5+ {[%emt 0:00:06]} 9. c3 {[%emt 0:00:03]} c4 {
[%emt 0:00:04]} 10. b4 {[%emt 0:02:23]} Qc7 {[%emt 0:00:04]} 11. Be2 {[%emt 0:
04:27]} Be7 {[%emt 0:00:22]} 12. O-O {[%emt 0:03:16]} O-O {[%emt 0:00:18]} 13.
Qc2 {[%emt 0:07:52]} b5 {[%emt 0:12:38]} 14. Nc5 {[%emt 0:01:02]} Nxc5 {
[%emt 0:00:55]} 15. dxc5 {[%emt 0:00:14]} a5 {[%emt 0:00:05]} 16. a3 {[%emt 0:
00:11]} Bd7 $2 {[%emt 0:03:40] Ivanchuk: "I was calculating 16...f6 but then
my hands moved 16...Bd7?"} 17. Nd4 {[%emt 0:03:20]} Nxd4 {[%emt 0:00:05]} 18.
Bxd4 {[%emt 0:00:05]} axb4 $6 {[%emt 0:00:23]} (18... Ra6 $142 {[%cal Gf8a8]})
19. axb4 {[%emt 0:05:48]} Rxa1 {[%emt 0:00:05]} 20. Rxa1 {[%emt 0:00:04]} Qb7 {
[%emt 0:00:01]} 21. Qa2 {[%emt 0:41:14]} Bc6 {[%emt 0:00:10]} 22. Qb1 {[%emt 0:
00:04]} (22. Bg4 Ra8 23. Qxa8+ Qxa8 24. Rxa8+ Bxa8 25. f5 exf5 26. Bxf5 Bc6)
22... f5 {[%emt 0:04:47]} 23. exf6 {[%emt 0:05:02]} Bxf6 {[%emt 0:00:07]} 24.
Qd1 {[%emt 0:02:38]} Ra8 {[%emt 0:00:04]} (24... Qc7 25. Ra6) 25. Rxa8+ {
[%emt 0:03:51]} Qxa8 {[%emt 0:00:09]} 26. Bg4 {[%emt 0:01:32]} Bd7 {[%emt 0:00:
42]} 27. h3 {[%emt 0:01:28]} Qe8 {[%emt 0:00:24]} 28. Qd2 {[%emt 0:01:24]} Qf7
{[%emt 0:00:21]} 29. Qe3 {[%emt 0:00:48]} Bxd4 {[%emt 0:00:06]} 30. Qxd4 {
[%emt 0:01:04]} Qf6 {[%emt 0:00:01]} 31. Qxf6 {[%emt 0:15:16]} gxf6 {[%emt 0:
00:09]} 32. Kf2 {[%emt 0:00:03]} Kf7 {[%emt 0:02:01]} 33. Ke3 {[%emt 0:00:51]}
(33. Ke3 Bc6 34. Kd4 Ke7 35. Bh5 h6 36. g4 {[%cal Gh3h4,Gg4g5] Dorfman}) 1-0

[Event "Paris FIDE GP"]
[Site "Elancourt"]
[Date "2013.10.03"]
[Round "10"]
[White "Caruana, Fabiano"]
[Black "Tomashevsky, Evgeny"]
[Result "1-0"]
[WhiteElo "2779"]
[BlackElo "2706"]
[Annotator "ChessBase Website"]
[PlyCount "75"]
[EventDate "2013.09.22"]
[EventType "tourn"]
[EventRounds "11"]
[EventCountry "FRA"]
[EventCategory "20"]
[SourceTitle "CBM 157"]
[Source "ChessBase"]
[SourceDate "2013.11.12"]
[SourceVersion "1"]
[SourceVersionDate "2013.11.12"]
[SourceQuality "1"]
[TimeControl "40/7200:20/3600:900+30"]
[WhiteClock "2:00:00"]
[BlackClock "2:00:00"]

1. e4 {[%emt 0:00:03]} c6 {[%emt 0:00:05]} 2. d4 {[%emt 0:00:19]} d5 {[%emt 0:
00:06]} 3. e5 {[%emt 0:00:15]} Bf5 {[%emt 0:00:06]} 4. Nf3 {[%emt 0:00:18]} e6
{[%emt 0:00:16]} 5. Be2 {[%emt 0:00:06]} Nd7 {[%emt 0:00:14]} 6. O-O {[%emt 0:
00:40]} Bg6 {[%emt 0:00:07]} 7. Nbd2 {[%emt 0:02:16]} Nh6 {[%emt 0:00:34]} 8.
Nb3 {[%emt 0:00:52]} Nf5 {[%emt 0:00:32]} 9. a4 {[%emt 0:06:08]} Rc8 {[%emt 0:
13:24]} (9... Be7 10. g4 Nh6 11. h3 Ng8 $5 {has been played successfully by
Dreev and Laznicka this year, but it is also true that the black setup seems a
bit suspicious here!}) 10. a5 {[%emt 0:02:24]} h5 $146 {[%emt 0:17:38] A new
move. Black wants to keep his knight on f5!'} 11. g3 $5 {[%emt 0:12:08]
Stopping ...h4 (because of g4) and allowing a future h4-move for White.'} Be7 {
[%emt 0:07:10]} 12. Bf4 $5 {[%emt 0:08:11]} a6 {[%emt 0:19:08]} (12... c5 $5
13. dxc5 Nxc5 14. Bb5+ Kf8 15. c4 {should be a bit difficult for Black.}) 13.
c4 {[%emt 0:05:05]} dxc4 {[%emt 0:00:05]} 14. Bxc4 {[%emt 0:00:05]} O-O {
[%emt 0:00:05]} 15. Qe2 {[%emt 0:04:24][%csl Ga5,Rb6,Rb7] Due to the
super-pawn on a5, Black's position is a bit difficult since no knight can come
to d5!'} b5 $6 {[%emt 0:05:07] An interesting practical decision, but
objectively not such a good move.'} 16. axb6 {[%emt 0:00:24]} Nxb6 {[%emt 0:00:
06]} 17. Bxa6 {[%emt 0:01:00]} Rc7 {[%emt 0:05:22]} 18. Rfd1 {[%emt 0:14:54]} (
18. Rfc1 $1 {should be more precise, e.g.} Qd7 19. Qd1 Nd5 20. Bg5 $16) 18...
Ra7 {[%emt 0:12:56]} 19. h4 {[%emt 0:16:30]} Nd5 {[%emt 0:10:44]} 20. Bd2 {
[%emt 0:08:16]} Qb6 {[%emt 0:02:23]} 21. Bc4 {[%emt 0:00:40]} Rfa8 {[%emt 0:00:
12]} 22. Bc3 $6 {[%emt 0:08:20]} (22. Qe1 {[%cal Ge1a1,Gd1a1] with the idea to
exchange one rook and play Ra1 again should give White a clear advantage,
though with that structure it is never so easy to convert it.}) 22... Rxa1 {
[%emt 0:05:24]} 23. Rxa1 {[%emt 0:02:39]} Rxa1+ {[%emt 0:01:33]} 24. Nxa1 {
[%emt 0:00:05]} c5 {[%emt 0:00:05]} 25. Nb3 {[%emt 0:07:54]} cxd4 {[%emt 0:00:
44]} 26. Nfxd4 {[%emt 0:00:19]} Nxc3 {[%emt 0:09:29]} 27. bxc3 {[%emt 0:00:17]
Black is still worse but saved some of the problems. Now the drawing chances
should, in principle, be much higher. But Tomashevsky blundered and Caruana
brillantly punished it.'} Bc5 $4 {[%emt 0:00:37]} 28. Nxc5 {[%emt 0:04:39]}
Qxc5 {[%emt 0:00:02]} 29. Nxe6 $1 {[%emt 0:02:16]} fxe6 {[%emt 0:00:05]} 30.
Bxe6+ {[%emt 0:00:03]} Kh8 {[%emt 0:03:02]} (30... Kf8 {Romain Edouard} 31. Qe4
$1 $18) 31. Bxf5 {[%emt 0:00:34]} Bxf5 {[%emt 0:00:01]} 32. Qxh5+ {[%emt 0:00:
13]} Bh7 {[%emt 0:00:00]} 33. Qe8+ {[%emt 0:03:03]} Bg8 {[%emt 0:00:02]} 34. e6
$1 {[%emt 0:00:41]} Kh7 {[%emt 0:02:04]} 35. e7 {[%emt 0:00:05]} Qe5 {[%emt 0:
00:18]} 36. Qf8 {[%emt 0:00:45]} Qe1+ 37. Kh2 Bd5 $8 38. Qf5+ $18 1-0

[Event "Paris FIDE GP"]
[Site "Elancourt"]
[Date "2013.10.04"]
[Round "11"]
[White "Dominguez Perez, Leinier"]
[Black "Caruana, Fabiano"]
[Result "1/2-1/2"]
[WhiteElo "2757"]
[BlackElo "2779"]
[Annotator "ChessBase Website"]
[PlyCount "38"]
[EventDate "2013.09.22"]
[EventType "tourn"]
[EventRounds "11"]
[EventCountry "FRA"]
[EventCategory "20"]
[SourceTitle "CBM 157"]
[Source "ChessBase"]
[SourceDate "2013.11.12"]
[SourceVersion "1"]
[SourceVersionDate "2013.11.12"]
[SourceQuality "1"]
[TimeControl "40/7200:20/3600:900+30"]
[WhiteClock "2:00:00"]
[BlackClock "2:00:00"]

1. e4 {[%emt 0:00:04]} c5 {[%emt 0:00:03]} 2. Nf3 {[%emt 0:00:20]} e6 {[%emt 0:
00:05]} 3. d4 {[%emt 0:00:22]} cxd4 {[%emt 0:00:05]} 4. Nxd4 {[%emt 0:00:06]}
Nc6 {[%emt 0:00:05]} 5. Nc3 {[%emt 0:00:43]} Qc7 {[%emt 0:00:56]} 6. Be3 {
[%emt 0:00:09]} a6 {[%emt 0:00:09]} 7. Qd2 {[%emt 0:00:11]} Nf6 {[%emt 0:00:29]
} 8. O-O-O {[%emt 0:00:09]} Be7 {[%emt 0:00:27]} 9. f3 {[%emt 0:00:07]} b5 {
[%emt 0:00:28]} 10. g4 {[%emt 0:01:38]} Nxd4 {[%emt 0:00:19]} 11. Qxd4 {
[%emt 0:00:06]} Bb7 {[%emt 0:01:05]} 12. g5 {[%emt 0:08:20]} Nh5 {[%emt 0:00:
25]} 13. Rd2 {[%emt 0:03:05]} (13. Kb1 {looks more natural, but since it's
already been played successfully in Almasi-Inarkiev (2013), most probably
Caruana had something in mind.}) 13... Rc8 {[%emt 0:41:43]} 14. Bxb5 $5 $146 {
[%emt 0:12:51]} (14. Rg1 {was unclear in Saric-Khairullin 2013.}) 14... axb5 {
[%emt 0:00:04]} 15. Nxb5 {[%emt 0:00:07]} Qc6 {[%emt 0:05:46]} ({After} 15...
Qd8 {Caruana probably considered} 16. Qa7 {to be 'killing', but after} O-O 17.
Qxb7 Bxg5 18. Bxg5 Qxg5 {Black has very decent compensations for the pawn, e.g.
} 19. a4 Nf4 20. Kb1 Nd5 $1 $13) ({However} 15... Qb8 $6 16. Qxd7+ Kf8 17. Nd6
Rc7 18. Qa4 {is very dubious for Black.}) 16. Na7 {[%emt 0:03:48]} Qc7 {
[%emt 0:00:07]} (16... e5 $5 17. Qd3 (17. Qxe5 Qc7 $13) 17... Qe6 18. Nxc8 Bxc8
19. Kb1 O-O 20. Rhd1 Qh3 {seems unclear.}) 17. Nb5 {[%emt 0:03:44]} (17. Nxc8
Bxc8 {is just unclear.}) 17... Qc6 {[%emt 0:01:39]} 18. Na7 {[%emt 0:00:32]}
Qc7 {[%emt 0:00:09]} 19. Nb5 {[%emt 0:27:18]} Qc6 {[%emt 0:03:49] What a weird
decision! Caruana almost for sure had to win to qualify for Candidates. Of
course both the ...e5 and ... Qd8 ideas were not putting White in any kind of
trouble, but the position would remain playable.'} 1/2-1/2